| 000 | 02261nam0a2200361 4500 | ||
|---|---|---|---|
| 001 | RU\NLR\BIBL_A\022727761 | ||
| 005 | 20260420063333.0 | ||
| 010 |
_a978-5-8038-2023-9 _9300 |
||
| 021 |
_aRU _bКН-П-25-079026 _9КН-П-25-7660 |
||
| 035 | _a(NLR Aleph) 022727761 | ||
| 090 |
_a13688272 _c13688272 |
||
| 100 | _a20260213d2025 k y0rusy50 ca | ||
| 101 | 0 | _arus | |
| 102 | _aRU | ||
| 105 | _aab j 000yy | ||
| 181 | 0 |
_ai3 _baxxe |
|
| 182 | 0 | _an | |
| 200 | 1 |
_aВизуализация данных при помощи электронных таблиц для управления в организационных системах _eучебное пособие _fЛ. Ю. Дмитриева, Е. О. Похомчикова _gМинистерство науки и высшего образования РФ, Иркутский национальный исследовательский технический университет |
|
| 203 |
_aТекст _bвизуальный _cнепосредственный |
||
| 210 |
_aИркутск _cИзд-во Иркутского национального исследовательского технического университета _d2025 |
||
| 215 |
_a163 с. _cцв. ил., карты _d21 |
||
| 225 | 1 | _aПриоритет | |
| 313 | _aПостроение диаграмм и графиков с помощью программного продукта MICROSOFT EXCEL 2019. | ||
| 320 | _aБиблиогр.: с. 156-157 | ||
| 606 | 1 |
_aMICROSOFT EXCEL 2019, электронные таблицы _jУчебные издания для высших учебных заведений _92420471 _3RU\NLR\AUTH\6601660149 |
|
| 606 | 1 |
_aГрафическое программирование (компьют.) _jУчебные издания для высших учебных заведений _92143196 _3RU\NLR\AUTH\661291501 |
|
| 686 | 1 | _aЗ973.233-018.2я73-1 | |
| 700 | 1 |
_aДмитриева _bЛ. Ю. _cканд. техн. наук, информатика _gЛариса Юрьевна _92704857 _3RU\NLR\AUTH\770292222 |
|
| 701 | 1 |
_aПохомчикова _bЕ. О. _gЕлена Олеговна |
|
| 942 | _cBOOK | ||
| 980 | _aNB | ||